MARC

LEADER 00000nam0a2200000 4500
001 124128
005 20250828100629.0
010 |a 527800455X 
035 |a (RuTPU)RU\TPU\book\134339 
090 |a 124128 
100 |a 20071029d1992 km y0rusy50 ca 
101 0 |a rus 
102 |a RU 
105 |a a z 000zy 
200 1 |a Восстановить здоровье  |f А. Н. Транквиллитати 
210 |a Москва  |c Физкультура и спорт  |d 1992 
215 |a 304 с.  |c ил. 
225 1 |a Физкультура и здоровье 
333 |a Исключено из фонда НТБ ТПУ 
610 1 |a физкультура 
610 1 |a спорт 
610 1 |a здоровье 
610 1 |a физические упражнения 
610 1 |a массаж 
610 1 |a лечебная физкультура 
610 1 |a заболевания 
610 1 |a самомассаж 
675 |a 796  |v 3 
700 1 |a Транквиллитати  |b А. Н.  |g Александра Николаевна 
801 1 |a RU  |b 63413507  |c 20071029  |g PSBO 
801 2 |a RU  |b 63413507  |c 20100922  |g RCR 
942 |c BK